000 00414nam a22001697a 4500
005 20160523113517.0
008 160523b xxu||||| |||| 00| 0 eng d
020 _a9788125924005
041 _aeng
082 _b4194
100 _aDwivedi/D.N.
_9314
245 _aEssentials of Business Economics
260 _aNew Delhi
_bAcademic Faundation
_c2009
300 _a447
650 _aManagement
_9241
942 _cBK
999 _c1418
_d1418